[Event "Munich Pfingst op-A 1st"]
[Site "Munich"]
[Date "2023.06.05"]
[Round "7"]
[White "Hinterreiter, Markus"]
[Black "Fedorovsky, Michael"]
[Result "0-1"]
[WhiteElo "2194"]
[BlackElo "2387"]
[PlyCount "60"]
[EventDate "2023.05.31"]
[EventType "swiss"]
[EventRounds "9"]
[EventCountry "GER"]
[SourceTitle "CBM 214 Extra"]
[Source "ChessBase"]
[SourceDate "2023.07.31"]
[SourceVersion "1"]
[SourceVersionDate "2023.07.31"]
[SourceQuality "1"]

1. e4 c5 2. c3 d5 3. exd5 Qxd5 4. d4 g6 5. Nf3 Bg7 6. Nbd2 cxd4 7. Bc4 Qa5 8. cxd4 Nh6 9. 0-0 0-0 10. Re1 Nf5 11. Bb3 Qd8 12. Nc4 Be6 13. Nce5 Bd5 14. g4 Bxb3 15. Qxb3 Nxd4 16. Qxb7 Nbc6 17. Bf4 Rb8 18. Qxc6 Nxc6 19. Nxc6 Qd7 20. Nxe7+ Kh8 21. Bxb8 Qxg4+ 22. Bg3 Qxf3 23. Re3 Qb7 24. Rb1 f5 25. Bd6 f4 26. Rb3 Qd7 27. Rd3 Qg4+ 28. Kf1 f3 29. Bg3 Qc4 30. Rbd1 Rd8 0-1

[Event "Munich Pfingst op-A 1st"]
[Site "Munich"]
[Date "2023.06.03"]
[Round "4"]
[White "Fedorovsky, Michael"]
[Black "Bharath, Subramaniyam H"]
[Result "0-1"]
[WhiteElo "2387"]
[BlackElo "2517"]
[PlyCount "94"]
[EventDate "2023.05.31"]
[EventType "swiss"]
[EventRounds "9"]
[EventCountry "GER"]
[SourceTitle "CBM 214 Extra"]
[Source "ChessBase"]
[SourceDate "2023.07.31"]
[SourceVersion "1"]
[SourceVersionDate "2023.07.31"]
[SourceQuality "1"]

1. d4 Nf6 2. c4 d6 3. Nf3 g6 4. Nc3 Bf5 5. g3 Bg7 6. Bg2 Qc8 7. Qb3 Nc6 8. d5 Nb8 9. Nd4 Bd7 10. 0-0 0-0 11. Bf4 Na6 12. Qd1 Bh3 13. Qd2 Bxg2 14. Kxg2 Re8 15. Bh6 Bh8 16. h3 Nc5 17. b4 Ncd7 18. Rac1 c5 19. dxc6 bxc6 20. Nf3 c5 21. b5 Nb6 22. Qd3 a6 23. a4 axb5 24. axb5 Ra3 25. Ra1 Rxc3 26. Qxc3 Ng4 27. Qc1 Bxa1 28. hxg4 Bh8 29. Qf4 Qb7 30. Rc1 e5 31. Qe3 e4 32. Nh2 Bd4 33. Qf4 e3+ 34. Qf3 Qe7 35. Qc6 Rb8 36. Nf3 exf2 37. Nxd4 cxd4 38. Kxf2 g5 39. Qf3 Re8 40. Rd1 Qe5 41. Kg2 Nxc4 42. Rc1 d5 43. b6 f6 44. Kh3 Nxb6 45. Qb3 Nd7 46. Qb7 Qe6 47. Rc5 f5 0-1

[Event "AUT-chT2W 2223"]
[Site "Austria"]
[Date "2023.04.21"]
[Round "9.5"]
[White "Fedorovsky, Michael"]
[Black "Goldbeck, Lars"]
[Result "1-0"]
[WhiteElo "2412"]
[BlackElo "2258"]
[PlyCount "115"]
[EventDate "2022.09.23"]
[EventType "team-tourn"]
[EventRounds "11"]
[EventCountry "AUT"]
[SourceTitle "EXT 2024"]
[Source "ChessBase"]
[SourceDate "2023.10.10"]
[SourceVersion "1"]
[SourceVersionDate "2023.10.10"]
[SourceQuality "1"]
[WhiteTeam "Jenbach II"]
[BlackTeam "Salzburg Royal"]
[WhiteTeamCountry "AUT"]
[BlackTeamCountry "AUT"]

1. d4 d5 2. c4 e6 3. Nc3 Nf6 4. cxd5 exd5 5. Bg5 c6 6. Qc2 Bd6 7. e3 0-0 8. Bd3 h6 9. Bh4 Re8 10. Nf3 Be6 11. 0-0 Nbd7 12. Rab1 a6 13. b4 Nb6 14. a4 Rc8 15. Rfe1 Bg4 16. Nd2 Be6 17. Nf1 Be7 18. f3 Nc4 19. Bxc4 dxc4 20. Nd2 b5 21. Nde4 Nxe4 22. Bxe7 Qxe7 23. fxe4 f6 24. a5 Bf7 25. Rf1 Bg6 26. Rf4 Bh7 27. Qf2 Rf8 28. Rb2 Rce8 29. g4 g5 30. Rf5 Bxf5 31. gxf5 c5 32. bxc5 Qd8 33. Qd2 Qxa5 34. Ra2 Qd8 35. Rxa6 b4 36. Nb5 Qc8 37. Qa2 b3 38. Qa4 Kh8 39. Nd6 b2 40. Rb6 Qc7 41. Rxb2 c3 42. Rc2 Ra8 43. Qb4 Ra1+ 44. Kf2 Qb8 45. Qxb8 Rxb8 46. Ke2 Rb2 47. Kd3 Rxc2 48. Kxc2 g4 49. c6 Ra2+ 50. Kxc3 Ra1 51. Kc2 Ra2+ 52. Kb3 Ra7 53. Ne8 h5 54. Nxf6 g3 55. hxg3 h4 56. gxh4 Rc7 57. d5 Rc8 58. Kc4 1-0

[Event "EU-Cup 37th"]
[Site "Mayrhofen"]
[Date "2022.10.09"]
[Round "7.4"]
[White "Fedorovsky, Michael"]
[Black "Bagi, Mate"]
[Result "0-1"]
[WhiteElo "2410"]
[BlackElo "2460"]
[PlyCount "98"]
[EventDate "2022.10.03"]
[EventType "team-swiss"]
[EventRounds "7"]
[EventCountry "AUT"]
[SourceTitle "CBM 210 Extra"]
[Source "ChessBase"]
[SourceDate "2022.11.30"]
[SourceVersion "1"]
[SourceVersionDate "2022.11.30"]
[SourceQuality "1"]
[WhiteTeam "Bayern Muenchen"]
[BlackTeam "Dunajska Streda"]
[WhiteTeamCountry "GER"]
[BlackTeamCountry "SVK"]

1. d4 Nf6 2. c4 b6 3. Nc3 Bb7 4. Qc2 d5 5. cxd5 Nxd5 6. e4 Nxc3 7. bxc3 e5 8. Nf3 exd4 9. Bc4 Nc6 10. 0-0 d3 11. Bxd3 Qe7 12. e5 0-0-0 13. Re1 h6 14. Be4 Kb8 15. Bb2 Qc5 16. Qb3 f6 17. exf6 gxf6 18. Nd4 Nxd4 19. cxd4 Qg5 20. Qf3 Bxe4 21. Rxe4 Bd6 22. Re6 Rhf8 23. a4 Bb4 24. g3 Qd5 25. Qe2 h5 26. h4 Kb7 27. a5 Bxa5 28. Re7 Rf7 29. Rc1 Rd7 30. Re8 Bb4 31. Rh8 Rh7 32. Rxh7 Rxh7 33. Qc4 Qxc4 34. Rxc4 Bd6 35. d5 f5 36. Kg2 b5 37. Rc6 a5 38. f4 Re7 39. Kf3 a4 40. Be5 Bxe5 41. fxe5 Rxe5 42. Rc5 Kb6 43. Rc6+ Ka5 44. Rh6 a3 45. Rxh5 Re8 46. Rh7 Kb6 47. Rh6+ Kb7 48. Rc6 a2 49. Rc1 b4 0-1